| 000 | 01295cam a22003495i 4500 | ||
|---|---|---|---|
| 999 |
_c27100 _d27072 |
||
| 001 | 14035568 | ||
| 003 | OSt | ||
| 005 | 20190210122309.0 | ||
| 008 | 050713r2004 enk fr 001 0 eng d | ||
| 020 | _a0198609515 | ||
| 020 | _a9780198609515 | ||
| 040 |
_aDLC _cDLC _dEG-ScBUE _beng |
||
| 082 | 0 | 4 |
_a082 _222 _bOXF |
| 245 | 0 | 4 |
_aThe Oxford dictionary of modern quotations / _cedited by Elizabeth Knowles. |
| 246 | 0 | 0 | _aDictionary of modern quotations |
| 246 | 0 | 0 | _aModern quotations |
| 250 |
_a2nd ed. _bPaperback ed. with supplement: Soundbites 2002-4 |
||
| 264 | 1 |
_aOxford, England ; _aNew York : _bOxford University Press Inc., _cc.2004. |
|
| 300 |
_axv, 496 pages ; _c20 cm. |
||
| 336 |
_2rdacontent _atxt |
||
| 337 |
_2rdamedia _aunmediated |
||
| 338 |
_2rdacarrier _avolume |
||
| 490 | 0 | _aOxford paperback reference | |
| 500 | _aIncludes indexes. | ||
| 650 | 7 |
_aQuotations, English. _2BUEsh |
|
| 650 | 7 |
_aQuotations. _2BUEsh _941967 |
|
| 653 |
_bHHUUEENN _cFebruary2019 |
||
| 700 | 1 |
_aKnowles, Elizabeth _q(Elizabeth M.) _eeditor. |
|
| 856 | 4 | 2 |
_3Contributor biographical information _uhttp://www.loc.gov/catdir/enhancements/fy0725/2005279325-b.html |
| 856 | 4 | 1 |
_3Table of contents only _uhttp://www.loc.gov/catdir/enhancements/fy0907/2005279325-t.html |
| 942 |
_2ddc _cREFERENCE |
||